00876nam a2200229 a 450000100100000000500170001000800410002702000180006804000250008608200150011110000370012624500810016326000610024430000210030549000310032659000260035770000470038371000470043083000380047795201140051599900170062900004212620201002035945.0131114s2009 gt r 000 0 spa d a9789992212783 aDO-SdBNPbspacBNPHU axxxxaxxxx1 aMonteforte Toledo, Mario.96911510aAnaité /cMario Monteforte Toledo; edición José Luis Perdomo Orellana. aGuatemala :bFundación Maria Monteporte Toledo,c2009. a163 p. ;c22 cm.1 aMario Monteforte Toledov1 aInventariado, 2019/BT1 aPerdomo Orellana, José Luis,eed.9691162 aFundación Maria Monteporte Toledo969117 0aMario Monteforte Toledon1969128 001050718MOaGRbGRcHDd2013-11-14iLF1l0oxxxx xxxx p42126-10r2020-06-25w2020-06-25y1ZNo se presta c41615d41615